Indian constitution : (Record no. 8911)
[ view plain ]
| 000 -LEADER | |
|---|---|
| fixed length control field | 00613cam a2200217ua 4500 |
| 008 - FIXED-LENGTH DATA ELEMENTS--GENERAL INFORMATION | |
| fixed length control field | 161019n ii |||gr||||Z||||||eng |
| 020 ## - INTERNATIONAL STANDARD BOOK NUMBER | |
| International Standard Book Number | 9788191068962 |
| 040 ## - CATALOGING SOURCE | |
| Transcribing agency | MAIN |
| 041 ## - LANGUAGE CODE | |
| -- | eng |
| 082 ## - DEWEY DECIMAL CLASSIFICATION NUMBER | |
| Classification number | 342.54 |
| 100 ## - MAIN ENTRY--PERSONAL NAME | |
| Personal name | Paul, Kripesh Chandra, |
| Relator term | |
| 245 ## - TITLE STATEMENT | |
| Title | Indian constitution : |
| Remainder of title | HS first year / |
| Statement of responsibility, etc. | By Kripesh Chandra Paul & others . |
| 250 ## - EDITION STATEMENT | |
| Edition statement | 27th ed. |
| 260 ## - PUBLICATION, DISTRIBUTION, ETC. | |
| Place of publication, distribution, etc. | Guwahati: |
| Name of publisher, distributor, etc. | Rupalim prakashan, |
| Date of publication, distribution, etc. | 2016. |
| 300 ## - PHYSICAL DESCRIPTION | |
| Extent | 240p. |
| 700 ## - ADDED ENTRY--PERSONAL NAME | |
| Personal name | Chakrabarty, Adyanath, |
| Relator term | |
| 700 ## - ADDED ENTRY--PERSONAL NAME | |
| Personal name | Paul, Nita, |
| Relator term | |
| 942 ## - ADDED ENTRY ELEMENTS (KOHA) | |
| Koha item type | Books |
| 653 ## - INDEX TERM--UNCONTROLLED | |
| Uncontrolled term | Constitutional & administrative law |
| Withdrawn status | Lost status | Damaged status | Not for loan | Home library | Current library | Date acquired | Total Checkouts | Full call number | Barcode | Date last seen | Date last checked out | Copy number | Price effective from | Koha item type |
|---|---|---|---|---|---|---|---|---|---|---|---|---|---|---|
| Central Library, Naharkatiya College | Central Library, Naharkatiya College | 19/09/2020 | 3 | 342.54 | PAU | 23395 | 23/03/2026 | 13/03/2026 | 3 | 19/09/2020 | Books | ||||
| Central Library, Naharkatiya College | Central Library, Naharkatiya College | 19/09/2020 | 5 | 342.54 | PAU | 23396 | 19/02/2026 | 29/01/2026 | 2 | 19/09/2020 | Books | ||||
| Central Library, Naharkatiya College | Central Library, Naharkatiya College | 19/09/2020 | 9 | 342.54 | PAU | 23397 | 09/09/2025 | 28/08/2025 | 1 | 19/09/2020 | Books |
